A Szekelyfold leirasa (Înregistrare nr. 32)
| 000 -LEADER | |
|---|---|
| fixed length control field | 00594nam a2200193 a 4500 |
| 005 - DATE AND TIME OF LATEST TRANSACTION | |
| control field | 20260702183512.0 |
| 020 ## - INTERNATIONAL STANDARD BOOK NUMBER | |
| International Standard Book Number | 9789631234578 |
| 041 0# - LANGUAGE CODE | |
| Language code of text/sound track or separate title | hun |
| 082 04 - DEWEY DECIMAL CLASSIFICATION NUMBER | |
| Classification number | 908(498.4) ORB |
| 100 1# - MAIN ENTRY--PERSONAL NAME | |
| Personal name | Orban, Balazs |
| 245 10 - TITLE STATEMENT | |
| Title | A Szekelyfold leirasa |
| 260 ## - PUBLICATION, DISTRIBUTION, ETC. | |
| Place of publication, distribution, etc. | Szekelyudvarhely |
| Name of publisher, distributor, etc. | Erdelyi Muzeum |
| Date of publication, distribution, etc. | 2016 |
| 300 ## - PHYSICAL DESCRIPTION | |
| Extent | 6 vol. |
| Dimensions | 24 cm |
| 520 ## - SUMMARY, ETC. | |
| Summary, etc. | Lucrare monografică despre Ținutul Secuiesc: geografie, istorie, etnografie și monumente — reper fundamental pentru istoria locală a Harghitei. |
| 546 ## - LANGUAGE NOTE | |
| Language note | Text în limba maghiară |
| 650 #0 - SUBJECT ADDED ENTRY--TOPICAL TERM | |
| Topical term or geographic name entry element | Istorie locala |
| 650 #0 - SUBJECT ADDED ENTRY--TOPICAL TERM | |
| Topical term or geographic name entry element | Harghita |
| 942 ## - ADDED ENTRY ELEMENTS (KOHA) | |
| Koha item type | Carte |
| Withdrawn status | Lost status | Damaged status | Not for loan | Home library | Current library | Date acquired | Total checkouts | Full call number | Barcode | Date last seen | Price effective from | Koha item type |
|---|---|---|---|---|---|---|---|---|---|---|---|---|
| Biblioteca Comunală Joseni | Biblioteca Comunală Joseni | 07/02/2026 | 908(498.4) ORB | ARTABHR0232 | 07/02/2026 | 07/02/2026 | Carte | |||||
| Biblioteca Județeană Kájoni János | Biblioteca Județeană Kájoni János | 07/02/2026 | 908(498.4) ORB | ARTABJHR32 | 07/02/2026 | 07/02/2026 | Carte |